[Event "XIII Miedzynarodowy Turniej Szachowy GORA SW. ANNY - Open A"]
[Site "GORA SW. ANNY, Dom Pielgrzyma (woj. opolskie)"]
[Date "1899-12-30"]
[Round "9.2"]
[White "Trybus, Daniel"]
[Black "Jarmula, Lukasz"]
[Result "0-1"]
[WhiteTitle "I++"]
[BlackTitle "IM"]
[WhiteElo "1973"]
[BlackElo "2445"]

1. e4 e6 2. d4 d5 3. Nc3 Bb4 4. exd5 exd5 5. Bd3 Nc6 6. Nf3 Bg4 7. Be3 Nge7 8.
O-O Qd7 9. a3 Bxc3 10. bxc3 O-O 11. Rb1 b6 12. h3 Be6 13. Bb5 f6 14. Nh4 a6 15.
Bd3 Na5 16. Qh5 g6 17. Qf3 Rf7 18. c4 g5 19. cxd5 Bxd5 20. Qg3 Rg7 21. Nf3 h5
22. Nd2 Nf5 23. Qh2 Nd6 24. Rb4 b5 25. a4 Nac4 26. axb5 Nxd2 27. Bxd2 axb5 28.
Rbb1 h4 29. g4 Bf3 30. Rfe1 Re8 31. Re3 Rxe3 32. fxe3 Bb7 33. Rf1 Qe6 34. Qe2
Re7 35. Kf2 Nc4 36. Bxc4 bxc4 37. Ke1 c3 38. Bxc3 Ba6 39. d5 Bxe2 40. dxe6 Bxf1
41. Kxf1 Rxe6 42. Ke2 Kf7 43. Bd4 Ra6 44. Kf3 Ra2 0-1

[Event "XIII Miedzynarodowy Turniej Szachowy GORA SW. ANNY - Open A"]
[Site "GORA SW. ANNY, Dom Pielgrzyma (woj. opolskie)"]
[Date "1899-12-30"]
[Round "9.3"]
[White "Jankowiak, Piotr"]
[Black "Malicka, Maria"]
[Result "1/2-1/2"]
[WhiteTitle "I++"]
[BlackTitle "WCM"]
[WhiteElo "2046"]
[BlackElo "2113"]

1. d4 Nf6 2. Bf4 d5 3. e3 c5 4. c3 Nc6 5. Nd2 Bf5 6. Qb3 Qd7 7. Ngf3 c4 8. Qd1
e6 9. Be2 h6 10. Ne5 Nxe5 11. Bxe5 Be7 12. b3 cxb3 13. axb3 O-O 14. O-O Rfc8 15.
c4 Ne8 16. Qc1 a5 17. Qb2 Bb4 18. Rfc1 Nd6 19. Nb1 Bxb1 20. Bxd6 Qxd6 21. Rcxb1
b6 22. Rc1 dxc4 23. bxc4 Rd8 24. g3 Rac8 25. Rd1 Qe7 26. h4 Rc7 27. Qb3 Rcd7 28.
Bf3 e5 29. dxe5 Qxe5 30. Rxd7 Rxd7 31. Rd1 Qc7 32. Rxd7 Qxd7 33. Bd5 Bc5 34. Qb5
Qe7 35. Qc6 h5 36. Qc8+ Kh7 37. Qc6 g6 38. Kg2 Kg7 39. Qb5 Qf6 40. Qd7 Bb4 41.
Kf1 Bd2 42. Ke2 Bc1 43. Kd1 Ba3 44. Ke2 Bc5 45. Qe8 Qf5 46. Be4 Qf6 47. Bd5 Qe7
48. Qc6 Qa7 49. Qa4 Qe7 50. Qc6 Kf8 51. Qb5 Qe8 52. Bc6 Qe5 53. Bd5 Ke7 54. Qc6
Qd6 55. Qb7+ Kd8 56. Qxf7 a4 1/2-1/2

[Event "XIII Miedzynarodowy Turniej Szachowy GORA SW. ANNY - Open A"]
[Site "GORA SW. ANNY, Dom Pielgrzyma (woj. opolskie)"]
[Date "1899-12-30"]
[Round "9.4"]
[White "Mikhaletz, Lubomir"]
[Black "Licznerski, Lukasz"]
[Result "0-1"]
[WhiteTitle "GM"]
[BlackTitle "FM"]
[WhiteElo "2377"]
[BlackElo "2360"]

1. e4 c6 2. d4 d5 3. f3 dxe4 4. Nc3 e5 5. Be3 Bb4 6. dxe5 Qxd1+ 7. Kxd1 Bxc3 8.
bxc3 Bf5 9. Rb1 b6 10. h3 h5 11. Ne2 exf3 12. Nd4 fxg2 13. Bxg2 Bd7 14. Rf1 Ne7
15. Nb5 cxb5 16. Bxa8 Bxh3 17. Rg1 Bg4+ 18. Kc1 Nbc6 19. Rxb5 Kd7 20. Bxc6+ Kxc6
21. c4 Be6 22. a4 Bxc4 23. e6 Bxb5 24. axb5+ Kd6 25. exf7 Nf5 26. Bd2 Ke6 27.
Rg5 Rf8 28. Rxh5 Rxf7 29. Kb2 Nd6 30. Bc3 Rf5 31. Rh7 Rxb5+ 32. Kc1 g5 33. Rxa7
Rd5 34. Ra6 Nc4 35. Ra4 b5 36. Ra8 g4 37. Be1 Ke5 38. Bg3+ Ke4 39. Rg8 Kf3 40.
Bb8 Ne3 41. Ba7 Nf5 42. Kb2 g3 43. Kb3 Nd6 44. Kb4 g2 45. Rf8+ Rf5 46. Rg8 Rf4+
47. Kc5 Nc8 48. Bb8 Ne7 49. Rxg2 Rf5+ 50. Kd6 Kxg2 51. Kxe7 Rc5 0-1

[Event "XIII Miedzynarodowy Turniej Szachowy GORA SW. ANNY - Open A"]
[Site "GORA SW. ANNY, Dom Pielgrzyma (woj. opolskie)"]
[Date "1899-12-30"]
[Round "9.5"]
[White "Szczesniak, Konrad"]
[Black "Czopor, Maciej"]
[Result "0-1"]
[WhiteTitle "k"]
[BlackTitle "k"]
[WhiteElo "2045"]
[BlackElo "2178"]

1. d4 Nf6 2. c4 e6 3. Nf3 Bb4+ 4. Bd2 Qe7 5. a3 Bxd2+ 6. Nbxd2 d6 7. g3 O-O 8.
Bg2 e5 9. dxe5 dxe5 10. Ng5 Nbd7 11. O-O a5 12. b3 Nc5 13. b4 axb4 14. axb4 Rxa1
15. Qxa1 Na6 16. b5 Nc5 17. Nge4 Nfxe4 18. Nxe4 Nxe4 19. Bxe4 b6 20. Rd1 Bg4 21.
Rd5 f6 22. Qd1 Be6 23. Rd2 Qc5 24. Qc2 Qxc4 25. Bxh7+ Kh8 26. Qb1 f5 27. Bg6 Qg4
28. Qb2 Qxg6 29. Qxe5 f4 30. Qxc7 Bh3 31. Qd6 Rc8 32. Qd4 Qe4 0-1

[Event "XIII Miedzynarodowy Turniej Szachowy GORA SW. ANNY - Open A"]
[Site "GORA SW. ANNY, Dom Pielgrzyma (woj. opolskie)"]
[Date "1899-12-30"]
[Round "9.6"]
[White "Bugajski, Robert"]
[Black "Krzywda, Andrzej"]
[Result "0-1"]
[WhiteTitle "FM"]
[BlackTitle "CM"]
[WhiteElo "2099"]
[BlackElo "2188"]

1. Nf3 e6 2. g3 Nf6 3. Bg2 d5 4. O-O Be7 5. c4 d4 6. e3 Nc6 7. exd4 Nxd4 8. Nc3
O-O 9. d3 Nxf3+ 10. Qxf3 e5 11. h3 Re8 12. Re1 Nd7 13. Be3 c6 14. Rad1 Bb4 15.
d4 Bxc3 16. bxc3 Qa5 17. Bf4 Qxa2 18. Qd3 Qa5 19. h4 h6 20. h5 Nf8 21. Bxe5 Bg4
22. Bf3 Bxf3 23. Qxf3 Nh7 24. c5 Ng5 25. Qd3 Qa2 26. Re2 Qd5 27. f4 Nf3+ 28. Kf2
Nxe5 29. fxe5 f6 30. Rde1 fxe5 31. Rxe5 Rxe5 32. Rxe5 Rf8+ 33. Kg1 Qf3 34. Qxf3
Rxf3 35. Re7 Rxg3+ 36. Kh2 Rxc3 37. Rxb7 Rd3 38. Rxa7 Rxd4 39. Rc7 Rd5 40. Rxc6
Rxh5+ 41. Kg3 Kh7 42. Kg4 Rh1 43. Rd6 Rc1 44. c6 Rc5 45. Kh4 Rc4+ 46. Kg3 h5 47.
Kh3 g6 48. Rd7+ Kh6 49. c7 Rc3+ 50. Kg2 h4 51. Kh2 Kh5 52. Kg2 g5 53. Kh2 Rc2+
54. Kg1 h3 55. Rh7+ Kg4 56. Rd7 Kh4 57. Kh1 g4 58. Kg1 Rc1+ 59. Kf2 g3+ 60. Kf3
g2 61. Rg7 Rf1+ 62. Ke2 Rf8 63. Rh7+ Kg3 64. Rg7+ Kh2 0-1